000 01347nam a22002537a 4500
005 20120614170415.0
008 081007t xxu||||| |||| 00| 0 mar d
010 _aMAR-22456
020 _c250.00
035 _aMR-15114
037 _bD.B.Act /pub
082 _a891.46301
100 _949115
_aतेंडुलकर, विजय
245 _aमातोश्रीवर अर्धी रात्र /
_cविजय तेंडुलकर ; सतीश तांबे द्वारा संपादित
246 _bby Vijay Tendulkar
_aMatoshrivar Ardhi Ratra
260 _aमुंबई
_bअक्षर प्रकाशन
_c2012
270 _bमुंबई
_aजरीवाला ब्लिंडिग नं.1 ए विंग,रूम नं.7,टी एच कटारिया मार्ग,माहीम
_e400016
300 _a232पृ.
_c22सेमी(अजिल्द)
650 _aमराठी कथासंग्रह
_951647
650 _aMarathi Short Stories
_951648
700 _aतांबे, सतीश
_951660
942 _2ddc
_cMR
_mतेंडुल
_h891.46301
999 _c69428
_d69428